• 首页
  • 本馆介绍
  • 公告通知
  • 最新文献
  • 馆藏检索
  • 电子资源
  • 读者导购
  • 参考咨询
  • 我的图书馆
  • 登录
  • 详细信息显示
  • 放入我的书架
  • 预约/预借图书
  • 作者相关作品
  • 分类相关作品
  • 丛书相关作品
  • 出版社相关作品

书目信息

  • 表格格式
  • 工作单格式
  • 卡片格式
题名:
懂一点空间技术
    
 
作者: 张晖 , 范剑峰 编
分册:  
出版信息: 北京   中国青年出版社  1980
页数: 191页
开本: 19cm
丛书名:
单 册:
中图分类: V4
科图分类:
主题词: 宇宙--飞行 , 航天
电子资源:
ISBN:
000 00665nam0 2200253 45
001 0180003469
005 20060814151525.73
010    @dCNY0.46
091    @a13009.251
100    @a19950706d1980 em y0chiy0121 ea
101 0  @achi
102    @aCN@b110000
105    @ay z 000yy
200 10 @a懂一点空间技术@Adong yi dian kong jian ji shu@f范剑峰,张晖著
210    @a北京@c中国青年出版社@d1980
215    @a191页@d19cm
606 0  @a宇宙@x飞行
606 0  @a航天
690    @aV4
701  0 @a张晖@Azhang hui@4编
701  0 @a范剑峰@Afan jian feng@4著
801  2 @aCN@bNLC@c20060814
801  0 @aCN@b上海图书馆@c20040513
905    @f2@b35062-063@dV4@e16
    
    懂一点空间技术/范剑峰,张晖著.-北京:中国青年出版社,1980
    191页;19cm
    
    
    ISBN :CNY0.46
    
●
相关链接 在E读中查询图书 在五车中查询图书 在当当中查询图书 在豆瓣中查询图书


正题名:懂一点空间技术     索取号:V4/16         预约/预借

序号 登录号 条形码 馆藏地/架位号 状态 备注
1 0035062   001486957   第三借阅区/ [索取号:V4/16] 在馆    
2 0035063   000562796   第三借阅区/ [索取号:V4/16] 在馆    
3 0035068   001486966   第二样本阅览室/ [索取号:V4/16] 在馆    
4 0458204   204582040   密集书库/ [索取号:V4/16] 在馆    
5 0458205   204582059   密集书库/ [索取号:V4/16] 在馆    
6 0458206   204582068   密集书库/ [索取号:V4/16] 在馆    
唐山师范学院图书馆 欢迎您!
大连网信软件有限公司© 版权所有